| 000 | 00495cam a22001337a 4500 | ||
|---|---|---|---|
| 008 | 180718b1965 xxu||||| |||| 00| 0 eng d | ||
| 082 | _aB7303x5442 M278 | ||
| 100 | _aMaharashtra. Committee for Unification of the Acts Relating to Municipalities | ||
| 245 | _aReport of the Committee for Unification of the Acts Relating to Municipalities in Maharashtra state | ||
| 260 |
_aBombay _bThe author _c1965 |
||
| 300 | _a68p. | ||
| 500 | _aChairman: Rafiq Zakaria | ||
| 700 | _aZakaria, Rafiq (Chairman) | ||
| 999 |
_c488704 _d488704 |
||